|
|
|
|
| LEADER |
00000caa a22000002c 4500 |
| 001 |
176561399X |
| 003 |
DE-627 |
| 005 |
20241007155851.0 |
| 007 |
tu |
| 008 |
210805s2019 xx ||||| 00| ||eng c |
| 020 |
|
|
|a 9780567675224
|
| 035 |
|
|
|a (DE-627)176561399X
|
| 035 |
|
|
|a (DE-599)KXP176561399X
|
| 040 |
|
|
|a DE-627
|b ger
|c DE-627
|e rda
|
| 041 |
|
|
|a eng
|
| 084 |
|
|
|a 0
|a 1
|2 ssgn
|
| 100 |
1 |
|
|e VerfasserIn
|0 (DE-588)1216071373
|0 (DE-627)1727175220
|4 aut
|a Willitts, Joel
|
| 109 |
|
|
|a Willitts, Joel
|
| 245 |
1 |
0 |
|a JOHN OF PATMOS AND THE APOSTLE PAUL
|b ANTIMONY OR AFFINITY?
|
| 264 |
|
1 |
|c 2019
|
| 336 |
|
|
|a Text
|b txt
|2 rdacontent
|
| 337 |
|
|
|a ohne Hilfsmittel zu benutzen
|b n
|2 rdamedia
|
| 338 |
|
|
|a Band
|b nc
|2 rdacarrier
|
| 773 |
0 |
8 |
|i Enthalten in
|t The early reception of Paul the Second Temple Jew
|b First published
|d London : T&T Clark, 2019
|g (2019), Seite 131-150
|h vii, 330 Seiten
|w (DE-627)1027593488
|w (DE-576)511352107
|z 9780567675224
|7 nnam
|
| 773 |
1 |
8 |
|g year:2019
|g pages:131-150
|
| 935 |
|
|
|a mteo
|a BIIN
|
| 951 |
|
|
|a AR
|
| BIB |
|
|
|a 1
|
| ELC |
|
|
|b 1
|
| ITA |
|
|
|a 1
|t 1
|
| LOK |
|
|
|0 000 xxxxxcx a22 zn 4500
|
| LOK |
|
|
|0 001 3962809058
|
| LOK |
|
|
|0 003 DE-627
|
| LOK |
|
|
|0 004 176561399X
|
| LOK |
|
|
|0 005 20210805045053
|
| LOK |
|
|
|0 008 210805||||||||||||||||ger|||||||
|
| LOK |
|
|
|0 035
|a (DE-Tue135)1027593488_2019_131
|
| LOK |
|
|
|0 040
|a DE-Tue135
|c DE-627
|d DE-Tue135
|
| LOK |
|
|
|0 092
|o n
|
| LOK |
|
|
|0 852
|a DE-Tue135
|
| LOK |
|
|
|0 852 1
|9 00
|
| LOK |
|
|
|0 935
|a imwa
|a ixau
|a rwrk
|
| LOK |
|
|
|0 939
|a 05-08-21
|b l01
|
| LOK |
|
|
|0 000 xxxxxcx a22 zn 4500
|
| LOK |
|
|
|0 001 4588241397
|
| LOK |
|
|
|0 003 DE-627
|
| LOK |
|
|
|0 004 176561399X
|
| LOK |
|
|
|0 005 20241007155539
|
| LOK |
|
|
|0 008 241007||||||||||||||||ger|||||||
|
| LOK |
|
|
|0 040
|a DE-Tue135-1
|c DE-627
|d DE-Tue135-1
|
| LOK |
|
|
|0 852
|a DE-Tue135-1
|
| LOK |
|
|
|0 852 1
|m p
|9 00
|
| LOK |
|
|
|0 935
|a inau
|
| LOK |
|
|
|0 938
|k p
|
| LOK |
|
|
|0 939
|a 07-10-24
|b l01
|
| ORI |
|
|
|a SA-MARC-ixtheoa001.raw
|
| REL |
|
|
|a 1
|
| SUB |
|
|
|a BIB
|a REL
|